| 000 | 00892nas a2200289 4500 | ||
|---|---|---|---|
| 001 | BR2012008530 | ||
| 003 | BR-BrBNA | ||
| 005 | 20231205121438.0 | ||
| 007 | ta | ||
| 008 | 230509b bl.|||p| |||| 00| 00por d | ||
| 040 |
_aBR-BrBNA _bpor _cBiblioteca Nacional de Agricultura |
||
| 041 | _a(Pt) | ||
| 072 | _aF61 | ||
| 100 | 1 | _aMendes, S. de C. | |
| 100 | 1 | _aMolica, S.G. | |
| 100 | 1 | _aFerreira, R.L.C. | |
| 100 | 1 | _aCéspedes, G.H.G. | |
| 245 | 1 | _aAbsorção e distribuição de nutrientes em plantios comerciais de bambu (Bambusa vulgaris)no nordeste do Brasil | |
| 650 | _aBAMBU | ||
| 650 | _aBAMBUSA VULGARIS | ||
| 650 | _aPLANTIO | ||
| 650 | _aABSORÇÃO DE NUTRIENTES | ||
| 650 | _aNORDESTE | ||
| 773 | 0 |
_tRevista Árvore (Brazil) _xISSN 0100-6762 _g(Nov-Dec 2010), v. 34(6) p. 991-999 _wBR2012008530 |
|
| 909 |
_a202311 _bLúcia _c55 _dLúcia Elande |
||
| 942 |
_2AGRIS _n0 _cANA |
||
| 999 |
_c223616 _d223616 |
||